000 00295 a2200145 4500
001 177628
020 _a
040 _cMagnum
100 _aXuxa
240 1 0 _aConte outra vez
_lSEM
245 1 0 _aConte outra vez
362 0 _a1899
697 _aMAGNITO: MAGNITO SEM ÁREA E AS
942 _cBK
999 _c177628
_d177628